| 000 | 00600nam a22002057a 4500 | ||
|---|---|---|---|
| 003 | LC | ||
| 005 | 20160301144912.0 | ||
| 008 | 130911t xxu||||| |||| 00| 0 eng d | ||
| 020 | _a9780446519960 | ||
| 050 |
_aPS 3552 _b.D249E93 1996 |
||
| 082 |
_aFIC _bB19a 1996 |
||
| 100 |
_aDavid, Baldacci _917993 |
||
| 245 |
_aAbsolute power / _c David Baldacci. |
||
| 260 |
_aNew York : _bWarner Books, Inc, _c1996. |
||
| 300 |
_a469 p., _c23.5 cm. |
||
| 650 |
_aPresidents--United States _xFiction _917994 |
||
| 650 |
_aMurder _xUnited States _zFiction _917995 |
||
| 942 |
_2lcc _cBK |
||
| 999 |
_c10867 _d10867 |
||